| 000 | 00787nam a22002177a 4500 | ||
|---|---|---|---|
| 999 |
_c6783 _d6783 |
||
| 003 | AR-CdUCM | ||
| 008 | 190319b ||||| |||| 00| 0 spa d | ||
| 040 |
_aMUNICIPALIDAD PROVINCIAL DEL CUSCO _cBIBLIOTECA MUNICIPAL DEL CUSCO |
||
| 041 | _heng | ||
| 082 |
_a510 / _bG29 |
||
| 100 |
_aGaughan, Edward _919093 |
||
| 245 | _aIntroducción al Análisis / | ||
| 260 |
_aEspaña : _bAlhambra ; _c1972. |
||
| 300 |
_a329 páginas ; _bFórmulas _c20cm |
||
| 440 |
_aColección Exedra - Ciencia Técnica Ingeniería _n78 _919094 |
||
| 505 | _aContenido: Sucesiones -- Límites de funciones -- Continuidad -- Diferenciación -- La integral de Riemann-Stieltjes... | ||
| 650 |
_aMatemáticas _99398 |
||
| 700 |
_aGallego, Antonio (traducción) _919095 |
||
| 942 |
_2ddc _cLIBROS |
||
| 945 | _anom | ||